Statistiques concernant TOUS les buteurs de l'En Avant Guingamp en Ligue 1 !

Cliquez ici pour prendre le quiz!

Statistiques générales

  • Ce quiz a été pris 85 fois
  • Le résultat moyen est 19 sur 85

Statistiques - réponses

NationalitéJoueurButs% Correct
FRAJimmy Briand30
80%
FRAClaudio Beauvue22
77%
FRAMarcus Thuram12
68%
FRAChristophe Kerbrat1
65%
CIVDidier Drogba20
65%
FRAThibault Giresse10
62%
FRAMarcus Coco8
61%
FRAChristophe Mandanne12
59%
FRAFlorent Malouda15
59%
FRALudovic Blas6
59%
SENMustapha Diallo14
59%
MLIMustapha Yatabaré11
58%
MLISambou Yatabaré1
58%
FRAJérémy Sorbon5
54%
FRAChristophe Le Roux8
52%
FRANolan Roux2
52%
FRAStéphane Guivarc'h1
48%
FRAÉtienne Didot4
41%
FRAYannis Salibur18
41%
TURFatih Atik2
39%
FRANicolas Benezet11
38%
FRAClément Grenier5
36%
FRADorian Lévêque2
36%
DANRonnie Schwartz2
36%
FRAStéphane Carnot29
36%
FRASloan Privat10
32%
FRASteeven Langil1
32%
CIVBenjamin Angoua1
29%
DANLars Jacobsen1
29%
FRALucas Deaux7
29%
MARRachid Alioui2
29%
SENYounousse Sankharé9
29%
RDCNill de Pauw4
28%
FRALionel Rouxel18
26%
FRASylvain Marveaux1
25%
FRAJérémy Pied2
22%
GBIAlexandre Mendy6
20%
GUIAbdoul Camara2
19%
CAMFelix Eboa Eboa4
19%
COGLadislas Douniama2
19%
SENSouleymane Camara2
19%
FRAFabrice Fiorèse15
16%
POLMarek Jozwiak3
16%
FRAVincent Candela2
14%
RDCYeni N'Gbakoto4
14%
LIBChristopher Wreh10
13%
ALGAbdelhafid Tasfaout12
12%
FRACharles-Édouard Coridon6
10%
TURMevlut Erdinc4
9%
ARGNéstor Fabbri1
9%
ROUGheorghe Mihali5
7%
BFAMoumouni Dagano8
7%
FRAAuriol Guillaume2
6%
SRBMilovan Sikimic2
6%
TURAlaeddine Yahia1
4%
CIVBlaise Kouassi1
4%
FRABruno Rodriguez12
4%
FRACédric Bardon12
4%
FRAFabrice Colleau2
4%
FRAHubert Fournier2
4%
FRANicolas Laspalles2
4%
FRAXavier Gravelaine7
4%
MARFarid Talhaoui1
3%
ZWEHarlington Shereni3
3%
CIVLionel Bah1
3%
FRADaniel Moreira9
1%
ARGFabricio Fuentes1
1%
FRAJérôme Leroy5
1%
BENOumar Tchomogo1
1%
FRARomain Ferrier1
1%
HAIWagneau Eloi5
1%
FRAYannick Baret8
1%
FRAAnthony Bacarel3
0%
FRAFabrice Divert2
0%
FRAHakim Sasi6
0%
COMKemal Bourhani3
0%
FRALaurent Guyot1
0%
FRAMarc Libbra1
0%
FRANicolas Goussé4
0%
MNENiša Saveljić1
0%
FRAPierre-Emmanuel Bourdeau1
0%
FRAPierre-Yves André1
0%
FRARéginald Ray1
0%
FRARichard Lecomte1
0%
FRASebastien Dallet1
0%

Distribution des résultats

Percentile par nombre de réponses

% des personnes avec chaque résultat

Votre développement - résultats

Vous n’avez pas pris ce quiz